Modèles de voitures (pro) - Statistiques

Statistiques générales
  • Ce quiz a été pris 4 fois
  • Le résultat moyen est 4 sur 12
Statistiques - réponses
Par images Réponse % Correct
Porsche 959
75%
BMW Z8
50%
Jaguar XJ220
50%
Lamborghini Egoista
50%
PGO Speedster
50%
Italdesign Zerouno
25%
Lotus Evija
25%
McLaren Solus GT
25%
Noble M600
25%
KTM X-BOW GT-XR
0%
Mercedes AMG Purespeed
0%
Rezvani Beast
0%
Aucun quiz correspondant
Distribution des résultats
% des personnes avec chaque résultat
Percentile par nombre de réponses
Votre historique - résultats
Vous n’avez pas pris ce quiz